000 00382cam a2200157ua 4500
041 _aeng
_h
082 _a320.5
_bVIN/BH
100 _aVinoba , Bhave .
245 _aBhoodan yagna /
_cVinoba Bhave.
_hTextual Documents
250 _a1 /
_b.
260 _aAhmadabad :
_bNavajivan publishing house ,
_c1957.
300 _a134 ; .
504 _a
942 _cBK
999 _c325
_d325